<?xml version="1.0" encoding="UTF-8"?>
<collection xmlns="http://www.loc.gov/MARC21/slim">
 <record>
  <leader>01961nam a22002777a 4500</leader>
  <controlfield tag="001">NCT_66099</controlfield>
  <controlfield tag="008">190812b        xxu||||| |||| 00| 0 vie d</controlfield>
  <datafield tag="999" ind1=" " ind2=" ">
   <subfield code="c">3198</subfield>
   <subfield code="d">3198</subfield>
  </datafield>
  <datafield tag="020" ind1=" " ind2=" ">
   <subfield code="a">9786048110475</subfield>
   <subfield code="c">83000</subfield>
  </datafield>
  <datafield tag="082" ind1="0" ind2="4">
   <subfield code="2">23rd ed.</subfield>
   <subfield code="a">340.90711</subfield>
   <subfield code="b">Ng419</subfield>
  </datafield>
  <datafield tag="100" ind1="1" ind2=" ">
   <subfield code="a">Trần Minh Ngọc </subfield>
   <subfield code="e">Chủ biên</subfield>
  </datafield>
  <datafield tag="245" ind1="1" ind2="0">
   <subfield code="a">Giáo trình tư pháp quốc tế</subfield>
   <subfield code="c">Trần Minh Ngọc, Vũ Thị Phương Lan (chủ biên)</subfield>
  </datafield>
  <datafield tag="260" ind1=" " ind2=" ">
   <subfield code="a">H.</subfield>
   <subfield code="b">Tư pháp</subfield>
   <subfield code="c">2017</subfield>
  </datafield>
  <datafield tag="300" ind1=" " ind2=" ">
   <subfield code="a">583 tr. </subfield>
   <subfield code="c">22cm</subfield>
  </datafield>
  <datafield tag="500" ind1=" " ind2=" ">
   <subfield code="a">ĐTTS ghi: Trường Đại học Luật Hà Nội</subfield>
  </datafield>
  <datafield tag="520" ind1="3" ind2=" ">
   <subfield code="a">Nội dung quyển sách đề cập đến những nội dung cơ bản của khoa học tư pháp quốc tế và tư pháp Việt Nam trong bối cảnh mới để cập nhật những lí luận mới về tư pháp quốc tế và đáp ứng chương trình học mới của bộ môn này.</subfield>
  </datafield>
  <datafield tag="653" ind1=" " ind2=" ">
   <subfield code="a">Luật học</subfield>
  </datafield>
  <datafield tag="655" ind1=" " ind2="7">
   <subfield code="a">Giáo trình</subfield>
  </datafield>
  <datafield tag="700" ind1="1" ind2=" ">
   <subfield code="a">Vũ Thị Phương Lan</subfield>
  </datafield>
  <datafield tag="942" ind1=" " ind2=" ">
   <subfield code="2">ddc</subfield>
   <subfield code="c">BK</subfield>
  </datafield>
  <datafield tag="952" ind1=" " ind2=" ">
   <subfield code="0">0</subfield>
   <subfield code="1">0</subfield>
   <subfield code="2">ddc</subfield>
   <subfield code="4">0</subfield>
   <subfield code="6">340_907100000000000_NG419</subfield>
   <subfield code="7">0</subfield>
   <subfield code="9">17298</subfield>
   <subfield code="a">000001</subfield>
   <subfield code="b">000001</subfield>
   <subfield code="d">2019-08-12</subfield>
   <subfield code="o">340.9071 Ng419</subfield>
   <subfield code="p">MD.15847</subfield>
   <subfield code="r">2019-08-12</subfield>
   <subfield code="v">83000.00</subfield>
   <subfield code="w">2019-08-12</subfield>
   <subfield code="y">BK</subfield>
  </datafield>
  <datafield tag="952" ind1=" " ind2=" ">
   <subfield code="0">0</subfield>
   <subfield code="1">0</subfield>
   <subfield code="2">ddc</subfield>
   <subfield code="4">0</subfield>
   <subfield code="6">340_907100000000000_NG419</subfield>
   <subfield code="7">0</subfield>
   <subfield code="9">17299</subfield>
   <subfield code="a">000001</subfield>
   <subfield code="b">000001</subfield>
   <subfield code="d">2019-08-12</subfield>
   <subfield code="l">2</subfield>
   <subfield code="o">340.9071 Ng419</subfield>
   <subfield code="p">MD.15848</subfield>
   <subfield code="r">2021-01-21</subfield>
   <subfield code="s">2021-01-13</subfield>
   <subfield code="v">83000.00</subfield>
   <subfield code="w">2019-08-12</subfield>
   <subfield code="y">BK</subfield>
  </datafield>
  <datafield tag="952" ind1=" " ind2=" ">
   <subfield code="0">0</subfield>
   <subfield code="1">0</subfield>
   <subfield code="2">ddc</subfield>
   <subfield code="4">0</subfield>
   <subfield code="6">340_907100000000000_NG419</subfield>
   <subfield code="7">0</subfield>
   <subfield code="9">17300</subfield>
   <subfield code="a">000001</subfield>
   <subfield code="b">000001</subfield>
   <subfield code="d">2019-08-12</subfield>
   <subfield code="l">3</subfield>
   <subfield code="o">340.9071 Ng419</subfield>
   <subfield code="p">MD.15849</subfield>
   <subfield code="r">2020-08-21</subfield>
   <subfield code="s">2020-08-12</subfield>
   <subfield code="v">83000.00</subfield>
   <subfield code="w">2019-08-12</subfield>
   <subfield code="y">BK</subfield>
  </datafield>
  <datafield tag="952" ind1=" " ind2=" ">
   <subfield code="0">0</subfield>
   <subfield code="1">0</subfield>
   <subfield code="2">ddc</subfield>
   <subfield code="4">0</subfield>
   <subfield code="6">340_907100000000000_NG419</subfield>
   <subfield code="7">0</subfield>
   <subfield code="9">17301</subfield>
   <subfield code="a">000001</subfield>
   <subfield code="b">000001</subfield>
   <subfield code="d">2019-08-12</subfield>
   <subfield code="l">1</subfield>
   <subfield code="o">340.9071 Ng419</subfield>
   <subfield code="p">MD.15845</subfield>
   <subfield code="r">2019-09-23</subfield>
   <subfield code="s">2019-09-16</subfield>
   <subfield code="v">83000.00</subfield>
   <subfield code="w">2019-08-12</subfield>
   <subfield code="y">BK</subfield>
  </datafield>
  <datafield tag="952" ind1=" " ind2=" ">
   <subfield code="0">0</subfield>
   <subfield code="1">0</subfield>
   <subfield code="2">ddc</subfield>
   <subfield code="4">0</subfield>
   <subfield code="6">340_907110000000000_NG419</subfield>
   <subfield code="7">0</subfield>
   <subfield code="9">18084</subfield>
   <subfield code="a">000001</subfield>
   <subfield code="b">000001</subfield>
   <subfield code="d">2019-10-11</subfield>
   <subfield code="l">1</subfield>
   <subfield code="o">340.90711 Ng419</subfield>
   <subfield code="p">MD.15846</subfield>
   <subfield code="r">2020-08-25</subfield>
   <subfield code="s">2020-08-18</subfield>
   <subfield code="v">83000.00</subfield>
   <subfield code="w">2019-10-11</subfield>
   <subfield code="y">BK</subfield>
  </datafield>
  <datafield tag="980" ind1=" " ind2=" ">
   <subfield code="a">Thư viện Trường Đại học Nam Cần Thơ</subfield>
  </datafield>
 </record>
</collection>
